[Event "AUTO-INT-446"]
[Site "http://www.queenalice.com/game.php?id=207484"]
[Date "2007.5.7"]
[Round "1"]
[White "tomatito"]
[Black "DaviUrahara"]
[Result "1-0"]
[WhiteElo "1803"]
[BlackElo "1570"]

1. e4 a5 2. d4 h5 3. d5 Nf6 4. Nc3 c6 5. dxc6 bxc6 6. Bc4 e6 7. Bg5 d5 8. exd5
cxd5 9. Bb5+ Bd7 10. Bxd7+ Qxd7 11. Bxf6 gxf6 12. Nge2 Bh6 13. O-O Nc6 14. Nd4
Nxd4 15. Qxd4 Qb7 16. Qxf6 1-0

[Event "AUTO-INT-446"]
[Site "http://www.queenalice.com/game.php?id=207485"]
[Date "2007.5.7"]
[Round "1"]
[White "DaviUrahara"]
[Black "tomatito"]
[Result "0-1"]
[WhiteElo "1585"]
[BlackElo "1795"]

1. e3 e5 2. e4 Nf6 3. d3 d5 4. exd5 Nxd5 5. Nf3 Bg4 6. h3 Bxf3 7. Qxf3 Nc6 8. a4
Nd4 9. Qd1 Bc5 10. Be3 Nxe3 11. fxe3 Qh4+ 12. Kd2 Qf2+ 13. Kc3 Qxe3 14. b4 Bd6
0-1

[Event "Challenge"]
[Site "http://www.queenalice.com/game.php?id=431529"]
[Date "2008.7.11"]
[Round "-"]
[White "DaviUrahara"]
[Black "vania"]
[Result "0-1"]
[WhiteElo "1419"]
[BlackElo "1425"]

1. e3 e5 2. Nf3 f6 3. a4 d5 4. d3 c5 5. c3 g5 6. Na3 a5 7. g3 Bg4 8. Be2 h5 9.
Nb5 Qd7 10. Qb3 Nc6 11. O-O Bh3 12. Rd1 O-O-O 13. c4 dxc4 14. Qxc4 Nh6 15. e4
Be6 16. Qc3 g4 17. Nh4 b6 18. Ng6 Rg8 19. Nxf8 Rgxf8 20. Bxh6 Rh8 21. Nd6+ Qxd6
22. Bg7 Rhg8 23. Bxf6 Rdf8 24. Bh4 Nd4 25. Qd2 Nb3 26. Qh6 Nxa1 27. Rxa1 Qd7 28.
Qxh5 Bb3 0-1

[Event "Challenge"]
[Site "http://www.queenalice.com/game.php?id=437297"]
[Date "2008.7.22"]
[Round "-"]
[White "DaviUrahara"]
[Black "blacca"]
[Result "1-0"]
[WhiteElo "1428"]
[BlackElo "1245"]

1. e3 d5 2. h4 c5 3. Nf3 a6 4. a4 Nc6 5. c3 Nf6 6. Bd3 e5 7. Qb3 e4 8. Bxe4 Nxe4
9. d3 Nf6 10. Ng5 h6 11. Nf3 Be7 12. h5 O-O 13. Rh4 Na5 14. Qd1 Ng4 15. Rh3 c4
16. dxc4 dxc4 17. Nbd2 Re8 18. Nd4 Ne5 19. Rg3 Bh4 20. Rf3 Bg4 21. b4 Nd3+ 22.
Kf1 Nb3 23. N4xb3 cxb3 24. Qxb3 Nxc1 25. Qxf7+ Kh8 26. Rxc1 Qxd2 27. Re1 Bxf3
28. Qxf3 Rf8 29. Rd1 1-0

[Event "AUTO-INT-977"]
[Site "http://www.queenalice.com/game.php?id=437617"]
[Date "2008.7.23"]
[Round "1"]
[White "chris70"]
[Black "DaviUrahara"]
[Result "1-0"]
[WhiteElo "1376"]
[BlackElo "1403"]

1. e4 d6 2. d4 e6 3. Nc3 Nf6 4. Bg5 Be7 5. Bd3 Bd7 6. Nf3 c6 7. e5 Nh5 8. exd6
Bxg5 9. Ne5 Bc8 10. Qxh5 g6 11. Qg4 Qf6 12. Ne4 Qf4 13. Qxg5 Qxg5 14. Nxg5 f6
15. Nxe6 Bxe6 16. Nc4 b5 17. Ne3 h5 18. Bxg6+ Kd7 19. Nf5 h4 20. h3 Rg8 21. Nxh4
Kxd6 22. b3 Rh8 23. Nf5+ Bxf5 24. Bxf5 Rh5 25. Bd3 1-0

[Event "AUTO-INT-977"]
[Site "http://www.queenalice.com/game.php?id=437618"]
[Date "2008.7.23"]
[Round "1"]
[White "DaviUrahara"]
[Black "chris70"]
[Result "0-1"]
[WhiteElo "1437"]
[BlackElo "1385"]

1. e4 c5 2. c3 Nc6 3. c4 d6 4. d3 Nf6 5. Bd2 g6 6. Be2 Bg7 7. Nc3 O-O 8. Nf3 a6
9. a4 Bd7 10. O-O e6 11. Bf4 e5 12. Bg5 h6 13. Bh4 Nd4 14. a5 b6 15. axb6 Qxb6
16. Qc1 Bc6 17. Nd5 Bxd5 18. exd5 Nxe2+ 19. Kh1 Nxc1 20. Raxc1 Qxb2 21. Rb1 Qa3
22. Rb6 Qxd3 23. Rg1 Ne4 24. Be7 Nxf2# 0-1

[Event "AUTO-INT-977"]
[Site "http://www.queenalice.com/game.php?id=437631"]
[Date "2008.7.23"]
[Round "1"]
[White "carlos31"]
[Black "DaviUrahara"]
[Result "1-0"]
[WhiteElo "1729"]
[BlackElo "1405"]

1. e4 e5 2. Nf3 c5 3. Bc4 f6 4. Nc3 Qa5 5. Nd5 Nh6 6. O-O Ng4 7. h3 Nh6 8. Nxe5
fxe5 9. Qh5+ g6 10. Qxe5+ Kf7 11. Nc7+ d5 12. Bxd5+ Be6 13. Qxe6+ Kg7 14. Ne8#
1-0

[Event "AUTO-INT-977"]
[Site "http://www.queenalice.com/game.php?id=437632"]
[Date "2008.7.23"]
[Round "1"]
[White "DaviUrahara"]
[Black "carlos31"]
[Result "0-1"]
[WhiteElo "1413"]
[BlackElo "1620"]

1. e4 c5 2. c4 Nc6 3. Nf3 d6 4. h4 Bg4 5. Qb3 b6 6. Qb5 Qd7 7. Nc3 e6 8. Ng5 Nf6
9. a4 Nd4 10. Qa6 Nc2# 0-1

[Event "Challenge"]
[Site "http://www.queenalice.com/game.php?id=835559"]
[Date "2010.9.20"]
[Round "-"]
[White "Sylvan"]
[Black "DaviUrahara"]
[Result "1-0"]
[WhiteElo "1536"]
[BlackElo "1386"]

1. e4 d6 2. d4 Nc6 3. Nf3 a5 4. Be2 e6 5. O-O Nf6 6. Nbd2 d5 7. e5 Nh5 8. Re1
Nf4 9. Nf1 Ng6 10. c3 Nh4 11. Nxh4 Qxh4 12. Be3 g6 13. g3 Qh3 14. Bg4 Qh6 15.
Bxh6 Bxh6 16. Qf3 f5 17. Bh3 O-O 18. Bg2 a4 19. Re3 a3 20. Re2 b6 21. c4 axb2
22. Rxb2 Nxd4 23. Qd1 Nc6 24. cxd5 exd5 25. Qxd5+ Rf7 26. Qxc6 Rb8 27. e6 Re7
28. Re1 Bb7 29. Qxb7 Rxb7 30. Bxb7 c5 31. Rxb6 Bg7 32. Bd5 1-0